01013nam a22002417a 4500999001700000003000900017008004100026040007100067082002800138100002200166245003700188260003500225300002700260440007800287505013400365650002200499650003600521650001900557700005000576942001600626945002100642952010800663 c11775d11775AR-CdUCM190405b ||||| |||| 00| 0 spa d aMUNICIPALIDAD PROVINCIAL DEL CUSCOcBIBLIOTECA MUNICIPAL DEL CUSCO a346.2504 /bCH41 / 1933 aChesterton, G. K. aLa superstición del divorcio / aChile :bNueva época,c1933. a84 páginas ;c19 cm. aColección hombres e ideas filosofía - política - biografía929290 aContenido: La superstición del divorcio -- La historia de la familia -- La historia del voto -- Las tragedias del matrimonio... aMatrimonio916386 aSeparación matrimonial929308 aDivorcio98382 aToda Valcarcel, Eduardo (traducción)929309 2ddccLIBROS adavvd05/04/2019 002ddc4070aSCAbSCAcCARTd2019-04-05g10.00o346.2504 / CH41 / 1933pSCA0001725r2019-04-05yLIBROS